Los sobrevivientes de Nuremberg (Registro nro. 145793)

Detalles MARC
000 -LEADER
campo de control de longitud fija 00780nam a2200217 i 4500
001 - NÚMERO DE CONTROL
campo de control 145793
003 - IDENTIFICADOR DE NÚMERO DE CONTROL
campo de control ES-MaACL
005 - FECHA Y HORA DE LA ÚLTIMA TRANSACCIÓN
campo de control 20230906201321.0
007 - CAMPO FIJO DE DESCRIPCIÓN FÍSICA--INFORMACIÓN GENERAL
campo de control de longitud fija t|
008 - DATOS DE LONGITUD FIJA--INFORMACIÓN GENERAL
campo de control de longitud fija 071017s1971 sp ||||1| spa d
100 1# - ENTRADA PRINCIPAL--NOMBRE DE PERSONA
Nombre de persona Vercel, Michel C.
9 (RLIN) 113988
245 14 - MENCIÓN DEL TÍTULO
Título Los sobrevivientes de Nuremberg
Resto del título : los "Señores de la Guerra" después del veredicto /
Mención de responsabilidad, etc. la colaboración para la documentación de Laurence Bastit ; [versión de José Luis Beltrán].
250 ## - MENCION DE EDICION
Mención de edición 1ª ed.
260 ## - PUBLICACIÓN, DISTRIBUCIÓN, ETC.
Lugar de publicación, distribución, etc. Barcelona :
Nombre del editor, distribuidor, etc. Luis de Caralt,
Fecha de publicación, distribución, etc. 1971.
300 ## - DESCRIPCIÓN FÍSICA
Extensión 294 p., 4 h. de lám. ;
Dimensiones 22 cm.
650 04 - PUNTO DE ACCESO ADICIONAL DE MATERIA--TÉRMINO DE MATERIA
Término de materia o nombre geográfico como elemento de entrada Nuremberg, Proceso de, 1945-1946.
9 (RLIN) 15649
700 1# - ENTRADA AGREGADA--NOMBRE PERSONAL
Nombre de persona Bastit, Laurence.
9 (RLIN) 221146
700 1# - ENTRADA AGREGADA--NOMBRE PERSONAL
Nombre de persona Beltrán, José Luis.
9 (RLIN) 27342
852 ## - LOCALIZACIÓN
Ubicación ES-MaACL
Número de control de estantería C-40934
Sublocalización o colección R.79571
Existencias
Estatus retirado Estado de pérdida Estado de daño No para préstamo Biblioteca de origen Biblioteca actual Ubicación en estantería Fecha de adquisición Fuente de adquisición Total de préstamos Signatura topográfica completa Código de barras Visto por última vez Precio de reemplazo Tipo de ítem Koha
        Biblioteca del Ateneo de Madrid Biblioteca del Ateneo de Madrid Depósito 2 17/01/2008     C-40934 1152182 23/02/2023 23/02/2023 Libro impreso